000
00210 a2200097 4500
001
18601
100
_a
Jafri, A.A
245
_a
Tarikh-e-Daulat fatima
260
_a
_b
Adarah-e-saqafat
_c
090
_c
13829
_d
13829
942
_a
NUST-CAE
_c
M
_c
4257
999
_c
253674
_d
253674